000 01689nam0a2200361 4500
001 RU\NLR\bibl\362906
005 20250621161151.0
010 _a5-93219-051-5
_9500
021 _aRU
_b2002-56336
_92739
035 _a(NLR Aleph) 000357503
090 _a314692
_c314692
100 _a20030128d2002 |||y0rusy50 ca
101 0 _arus
102 _aRU
105 _aab |||||||||
200 1 _aОхраняемые природные территории бассейна озера Байкал
_eАтлас
_e[Заповедники и строго охраняемые территории. Нац. парки. Заказники и прород. резерваты]
_fТ. П. Савенкова
_gИн-т географии Сиб. отд-ния Рос. акад. наук, Гос. природ. заповедник "Байкало-Ленский"
210 _aИркутск
_cОттиск
_d2002
215 _a95 с.
_cил., карты
_d30
320 _aБиблиогр.: с. 90-91,95
606 0 _aОхрана природы
_jАтласы
_xБассейн
_yБайкал, озеро (Сибирь Юго-Восточная)
_92275255
_3RU\NLR\auth\661363531
610 0 _aПриродоохранные комплексы
610 0 _aБайкал, оз., бас., охрана природ. ресурсов
675 _a504.6(571.53/.54)
_v3
_zrus
686 _a87
_2rugasnti
686 _a20.1
_2rubbk
686 _aБ1(2Р54,7)я6
700 1 _aСавенкова
_bТ. П.
_gТатьяна Петровна
_4070
801 0 _aRU
_bRKP
_c20030128
_gPSBO
801 1 _aRU
_bRKP
_c20030128
801 2 _aRU
_bNLR
_c20130213
_grcr
942 _cBOOK
980 _aNB